000 00546cam a2200193 04500
001 42589
090 _a42589
100 _a19790201d1979 m y0pory50030103ba
101 0 _apor
102 _aPT
200 1 _aPortugal
_eagricultura e problemas humanos
_fGonçalo Santa-Ritta
210 9 _aLisboa
_cTerra Livre,
_d1979
215 _a193, [3] p.
_cil.
_d21 cm
225 2 _aProblemas quotidianos
675 _a316.324(469)"196/197"
_vBN
_zpor
675 _a338.43(469)"196/197"
_vBN
_zpor
700 1 _aSanta Rita,
_bGon—calo de
801 0 _aPT
_bBN
_gRPC
990 _cLIVROS